| 000 | 00820cam a2200277Mi 4500 | ||
|---|---|---|---|
| 001 | 91582 | ||
| 005 | 20230404130051.0 | ||
| 008 | 070508s2006 cu b 001 0 spa d | ||
| 035 | _a(OCoLC)ocn255713181 | ||
| 040 |
_aGyGoGBV _erakwb _bger _cGBVCP |
||
| 020 | _a9591011423 | ||
| 020 | _a9789591011428 | ||
| 035 | _a(OCoLC)255713181 | ||
| 050 | 1 | 4 |
_a107 N 6603.2 _bO63v 2006 |
| 100 | 1 |
_aOraĆ”, Pedro de, _d1931 |
|
| 245 | 1 | 0 |
_aVisible e invisible / _cPedro de OraĆ”. |
| 260 |
_aLa Habana : _bInstituto Cubano del Libro / Editorial Letras Cubanas, _c2006. |
||
| 300 |
_a339 p. ; _c19 cm. |
||
| 440 | 0 | _aEnsayo | |
| 504 | _aIncludes bibliographical references (p. 335-339) and index | ||
| 650 | 0 |
_aArt, Modern _y20th century. |
|
| 650 | 0 | _aArt, Cuban. | |
| 942 |
_2lcc _cbk |
||
| 994 |
_aC0 _bDRFGD |
||
| 946 | _aMF | ||
| 999 |
_c10304 _d10304 |
||